Felipe de Asís: su camino de fe, cruz y sol

I tiakina i:
Ngā taipitopito rārangi puna kōrero
Kaituhi matua: Cruzat González, Gonzalo (Author)
Hōputu: Pukapuka
Reo:Pāniora
I whakaputaina: Santiago Aguilar Chilena 2010
Putanga:2a. ed
Ngā marau:
Ngā Tūtohu: Tāpirihia he Tūtohu
Kāore He Tūtohu, Me noho koe te mea tuatahi ki te tūtohu i tēnei pūkete!

MARC

LEADER 00000nam a2200000 a 4500
001 UCG3884
003 CL-VaPUC
008 100923e20100400CL |||||||||||||||||spa|d
020 |a 9789562397391 
082 0 4 |a 920  |b CRU  |2 21 
100 0 |a Cruzat González, Gonzalo  |e author  |9 553198 
245 1 0 |a Felipe de Asís: su camino de fe, cruz y sol 
250 |a 2a. ed 
300 |a 299 p 
942 |c BK 
945 |d 20100923 00:00:00  |a mfarfan 
260 |a Santiago  |b Aguilar Chilena  |c 2010 
600 0 7 |a CRUZAT, FELIPE  |2 CL-VaPUC  |9 553199 
650 0 |a Biografías  |9 255210 
583 |a last modification  |c 20100923 00:00:00  |k Rodrigo Vera 
999 |c 342839  |d 342837 
952 |0 0  |1 0  |4 0  |6 920_000000000000000_CRU_2010  |7 0  |8 C  |9 439437  |a BIBCUR  |b BIBCUR  |d 2019-11-22  |i 4721020  |o 920 CRU 2010  |p 4721020  |r 2025-04-22  |w 2019-11-22  |y BK  |k CAC